000
00281nam a22001337a 4500
041
_a
ENG
100
_a
Dr.E.K.Mathew
245
_a
Drainage Digest
260
_a
New Delhi
_b
ICAR
_c
2004
300
_a
200
650
_a
IDE
700
_a
M.Nair, T.D Raju .U.Jaikumaran
856
_u
IDE
999
_c
3224
_d
3224